<?xml version="1.0" encoding="UTF-8"?>
<record
    xmlns:xsi="http://www.w3.org/2001/XMLSchema-instance"
    xsi:schemaLocation="http://www.loc.gov/MARC21/slim http://www.loc.gov/standards/marcxml/schema/MARC21slim.xsd"
    xmlns="http://www.loc.gov/MARC21/slim">

  <leader>00243    a2200109   4500</leader>
  <controlfield tag="005">20260127144734.0</controlfield>
  <datafield tag="020" ind1=" " ind2=" ">
    <subfield code="a">9780143467632</subfield>
  </datafield>
  <datafield tag="100" ind1=" " ind2=" ">
    <subfield code="a"> Joshi Y.</subfield>
  </datafield>
  <datafield tag="245" ind1=" " ind2=" ">
    <subfield code="a">Who Dares Wins A Soldier&#x2019;s Memoir</subfield>
  </datafield>
  <datafield tag="260" ind1=" " ind2=" ">
    <subfield code="b">Penguin</subfield>
    <subfield code="c">2024</subfield>
  </datafield>
  <datafield tag="942" ind1=" " ind2=" ">
    <subfield code="c">AR</subfield>
  </datafield>
  <datafield tag="999" ind1=" " ind2=" ">
    <subfield code="c">370188</subfield>
    <subfield code="d">370188</subfield>
  </datafield>
  <datafield tag="952" ind1=" " ind2=" ">
    <subfield code="0">0</subfield>
    <subfield code="1">0</subfield>
    <subfield code="2">ddc</subfield>
    <subfield code="4">0</subfield>
    <subfield code="7">0</subfield>
    <subfield code="a">CCEP</subfield>
    <subfield code="b">CCEP</subfield>
    <subfield code="d">2026-01-30</subfield>
    <subfield code="e">63</subfield>
    <subfield code="g">559.20</subfield>
    <subfield code="l">1</subfield>
    <subfield code="o">355.0092 GEN</subfield>
    <subfield code="p">CCEP-BK-70236</subfield>
    <subfield code="r">2026-04-01 16:37:40</subfield>
    <subfield code="s">2026-02-26</subfield>
    <subfield code="v">699.00</subfield>
    <subfield code="w">2026-01-30</subfield>
    <subfield code="y">BK</subfield>
  </datafield>
</record>
